000 00368nam a22001337a 4500
008 150625b xxu||||| |||| 00| 0 eng d
020 _a9781405787260
082 _a347.0504 CIV
245 _aThe civil court practice 2014 :
_bForms
260 _aUK :
_bLexisNexis,
_cc2014
300 _axxiv, 1168p. :
_bill.;
_c25cm.
500 _aIncludes index
942 _2ddc
_cBK
999 _c6829
_d6829